000 00419nam a22001457a 4500
005 20240309120842.0
008 240309b ||||| |||| 00| 0 eng d
040 _cAL
041 _aeng
082 _223
_a658.5
_bMATE
100 _aMaclean Kevin Cutinha
_9153615
245 _aMaterials Management in Flexon Suspension Products Pvt Ltd Mangalore
260 _aMangalore
_bSt Aloysius College
_c1997
942 _2ddc
_cPRO
999 _c230185
_d230185